000 00489nam a22001817a 4500
003 NUST - PNEC
005 20170116181014.0
008 150913b xxu||||| |||| 00| 0 eng d
020 _a0133145859
040 _cLIBRARY
082 _a621.380414 PAL
100 _910339
_aPalais, Joseph C.
245 _aFiber optic communications
_cJoseph C. Palais
250 _a2nd ed.
260 _cc.1988
650 _910340
_aFiber optics, Optical communications
_xEE, MS COM
942 _2ddc
_cBK
999 _c67189
_d67189